000 00640nam a2200205 i 4500
001 185702
003 SpMaBN
005 20251009170802.0
008 160803s1997 sp |||| | spa d
020 _a84-01-25011-0
080 _a821.111-31"19"
100 1 _aJames, P. D. (
_d1920-2014)
_9160194
245 1 0 _aMortaja para un ruiseñor /
_cP.D. James ; traducción de Antonio Desmonts.
250 _a1ª ed.
260 _aBarcelona :
_bPlaza & Janés,
_c1997.
300 _a389 p. ;
_c19 cm.
700 1 _aDesmonts, Antonio,
_d1942-
_9160311
852 _aES-MaACL
_jL-30500
_z. - Donat. Miguel A. Velasco
999 _c185702
_d185702